000 00688nam a2200241Ia 4500
003 OSt
005 20220925201145.0
006 a|||||r|||| 00| 0
007 ta
008 220923b |||||||| |||| 00| 0 eng d
020 _a33390 416 8
037 _cGeneral Book
040 _aRTL
_cRTL
_beng
041 _2eng
_aeng
082 _aY:1.2.D, M3
100 _aSharma Ram Sharan
245 0 _aMaterial culture and social formations in ancient
260 _aDelhi
_bMacmillan
_c1983
300 _axxiii,246p
_ccm.
500 _aBibliography : P 194-204; Appendix : P 168-193
942 _hY:1.2.D, M3
_cGB
_2CC
999 _c539167
_d539167